[Event "London Classic Weekend op 11th"]
[Site "London"]
[Date "2019.12.01"]
[Round "5"]
[White "Kan, Toby"]
[Black "Duda, Lucas"]
[Result "0-1"]
[WhiteElo "1679"]
[BlackElo "1852"]
[PlyCount "70"]
[EventDate "2019.11.29"]
[EventType "swiss"]
[EventRounds "5"]
[EventCountry "ENG"]
[SourceTitle "CBM 193 Extra"]
[Source "ChessBase"]
[SourceDate "2020.01.31"]
[SourceVersion "1"]
[SourceVersionDate "2020.01.31"]
[SourceQuality "1"]

1. e4 e5 2. Nf3 Nc6 3. Bc4 Bc5 4. b4 Bxb4 5. c3 Bd6 6. d4 Nf6 7. 0-0 h6 8. Re1 0-0 9. Nh4 Be7 10. Ng6 d6 11. Nxf8 Bxf8 12. Ba3 Bg4 13. Qd2 Nh5 14. h3 Bd7 15. Qe3 Qf6 16. Bb2 Ne7 17. Nd2 Ng6 18. Qf3 Nhf4 19. Nf1 Nh4 20. Qg3 Nhxg2 21. dxe5 dxe5 22. Red1 Be6 23. Bd3 Nh4 24. Nh2 Nxh3+ 25. Kf1 Bc5 26. f3 Nf2 27. Rd2 Nxd3 28. Rxd3 Bc4 29. Rad1 Rd8 30. Ke2 Ng6 31. Ng4 Qf4 32. Qg2 Qg5 33. Bc1 Nf4+ 34. Bxf4 Qxf4 35. Nf2 Qe3+ 0-1

[Event "London Classic Weekend op 11th"]
[Site "London"]
[Date "2019.11.30"]
[Round "2"]
[White "Duda, Lucas"]
[Black "Stewart, Ashley"]
[Result "0-1"]
[WhiteElo "1852"]
[BlackElo "2163"]
[PlyCount "84"]
[EventDate "2019.11.29"]
[EventType "swiss"]
[EventRounds "5"]
[EventCountry "ENG"]
[SourceTitle "CBM 193 Extra"]
[Source "ChessBase"]
[SourceDate "2020.01.31"]
[SourceVersion "1"]
[SourceVersionDate "2020.01.31"]
[SourceQuality "1"]

1. e4 c5 2. d4 cxd4 3. c3 dxc3 4. Nxc3 Nc6 5. Nf3 d6 6. Bc4 Nf6 7. 0-0 e6 8. Qe2 a6 9. Rd1 Qc7 10. Bf4 Be7 11. Rac1 0-0 12. a3 h6 13. h3 e5 14. Be3 Qb8 15. Bb6 Be6 16. Nd5 Bd8 17. Qe3 Bxd5 18. Bxd5 Ne7 19. Ba2 Ng6 20. g3 Bxb6 21. Qxb6 Nxe4 22. Rc4 Nf6 23. Rxd6 a5 24. Rd1 e4 25. Nd4 e3 26. Nf5 exf2+ 27. Kxf2 Qe5 28. Nd6 Ra6 29. Qc5 Qxc5+ 30. Rxc5 Rxd6 31. Rxd6 Ne4+ 32. Kf3 Nxd6 33. Rxa5 Re8 34. Rd5 Ne5+ 35. Kf4 g5+ 36. Ke3 Nc6+ 37. Kf2 Ne4+ 38. Kf3 Nf6 39. Rd6 Kg7 40. b4 Re4 41. b5 Ne5+ 42. Kf2 Ra4 0-1

[Event "Basingstoke 4NCL Spring Bank 2nd U2050"]
[Site "Basingstoke"]
[Date "2019.05.27"]
[Round "6"]
[White "Duda, Lucas"]
[Black "Shepley, Julien M"]
[Result "1-0"]
[WhiteElo "1823"]
[BlackElo "1947"]
[PlyCount "52"]
[EventDate "2019.05.24"]
[EventType "swiss"]
[EventRounds "7"]
[EventCountry "ENG"]
[SourceTitle "EXT 2020"]
[Source "ChessBase"]
[SourceDate "2019.10.17"]
[SourceVersion "1"]
[SourceVersionDate "2019.10.17"]
[SourceQuality "1"]

1. e4 d6 2. d4 Nf6 3. Nc3 e5 4. Nf3 Nbd7 5. Bc4 Be7 6. 0-0 c6 7. a4 0-0 8. Re1 exd4 9. Qxd4 h6 10. Bf4 Nb6 11. Ba2 Bg4 12. a5 Bxf3 13. axb6 Bg4 14. bxa7 c5 15. Qd3 Nh5 16. Be3 Be6 17. Bd5 Qd7 18. Qb5 Qxb5 19. Nxb5 Bxd5 20. exd5 Rfc8 21. Bxh6 Bf8 22. Bg5 f6 23. Bd2 f5 24. Ba5 Nf6 25. c4 Ne4 26. f3 Nd2 1-0

[Event "Basingstoke 4NCL Spring Bank 2nd U2050"]
[Site "Basingstoke"]
[Date "2019.05.25"]
[Round "3"]
[White "Shenbagakumar, Gautham"]
[Black "Duda, Lucas"]
[Result "0-1"]
[WhiteElo "1539"]
[BlackElo "1823"]
[PlyCount "78"]
[EventDate "2019.05.24"]
[EventType "swiss"]
[EventRounds "7"]
[EventCountry "ENG"]
[SourceTitle "EXT 2020"]
[Source "ChessBase"]
[SourceDate "2019.10.17"]
[SourceVersion "1"]
[SourceVersionDate "2019.10.17"]
[SourceQuality "1"]

1. e4 e5 2. Nf3 Nc6 3. Bc4 Bc5 4. c3 Nf6 5. d4 exd4 6. e5 d5 7. Bb5 Ne4 8. cxd4 Bb6 9. Nc3 0-0 10. 0-0 Bg4 11. Bxc6 bxc6 12. Be3 f6 13. Nxe4 dxe4 14. Qb3+ Kh8 15. Nd2 f5 16. Nc4 Bxd4 17. Bxd4 Qxd4 18. h3 Be2 19. Rfc1 Bd3 20. Qc3 c5 21. Ne3 f4 22. Qxd4 cxd4 23. Nd5 Rae8 24. Rxc7 e3 25. f3 h6 26. Rac1 Rxe5 27. Nb4 Bf5 28. Nc6 Rd5 29. Ne7 Rd6 30. R7c5 d3 31. Nxf5 Rxf5 32. Rxf5 d2 33. Rfc5 e2 34. Rc8+ Kh7 35. Kh2 e1Q 36. Rxe1 dxe1Q 37. Rh8+ Kxh8 38. b4 Qg3+ 39. Kg1 Rd1# 0-1

[Event "Krakow op-B 29th"]
[Site "Krakow"]
[Date "2019.01.04"]
[Round "9"]
[White "Duda, Lucas"]
[Black "Ilandzis, Spyridon"]
[Result "0-1"]
[WhiteElo "1784"]
[BlackElo "2052"]
[PlyCount "42"]
[EventDate "2018.12.27"]
[EventType "swiss"]
[EventRounds "9"]
[EventCountry "POL"]
[SourceTitle "CBM 189 Extra"]
[Source "ChessBase"]
[SourceDate "2019.06.03"]
[SourceVersion "1"]
[SourceVersionDate "2019.06.03"]
[SourceQuality "1"]

1. e4 c5 2. c3 b6 3. d4 Bb7 4. Bd3 Nc6 5. Nf3 cxd4 6. cxd4 Nb4 7. Bc4 Rc8 8. Qb3 e6 9. Nc3 Rxc4 10. Qxc4 Nc2+ 11. Ke2 Nxa1 12. Bf4 Nf6 13. Rxa1 Nxe4 14. Nb5 Ba6 15. Ke3 Nf6 16. Nc7+ Qxc7 17. Qxc7 Nd5+ 18. Ke4 f5+ 19. Ke5 Nxc7 20. d5 d6+ 21. Kd4 e5+ 0-1

[Event "Rubinstein Memorial-A 54th"]
[Site "Polanica Zdroj"]
[Date "2018.08.25"]
[Round "8"]
[White "Duda, Lucas"]
[Black "Sacharewicz, Krzysztof"]
[Result "0-1"]
[WhiteElo "1874"]
[BlackElo "1775"]
[PlyCount "108"]
[EventDate "2018.08.18"]
[EventType "swiss"]
[EventRounds "9"]
[EventCountry "POL"]
[SourceTitle "CBM 186 Extra"]
[Source "ChessBase"]
[SourceDate "2018.08.24"]
[SourceVersion "1"]
[SourceVersionDate "2018.08.24"]
[SourceQuality "1"]

1. e4 Nf6 2. e5 Nd5 3. d4 d6 4. c4 Nb6 5. exd6 cxd6 6. Nc3 g6 7. Be3 Bg7 8. Rc1 0-0 9. b3 Nc6 10. d5 Ne5 11. Be2 f5 12. f4 Ng4 13. Bd4 Nf6 14. Nf3 a5 15. 0-0 Nbd7 16. a3 Nc5 17. b4 axb4 18. axb4 Nce4 19. Qb3 Bd7 20. Ra1 Qc7 21. Na4 Bxa4 22. Rxa4 Ra6 23. Rxa6 bxa6 24. Ra1 Qb7 25. g3 Rb8 26. Ra4 Nc5 27. Bxc5 dxc5 28. Ne5 Qb6 29. Kg2 cxb4 30. Nc6 Ne4 31. Qf3 b3 32. Rb4 Qxb4 33. Nxb4 b2 34. Bd3 Rxb4 35. Qd1 a5 36. Bc2 a4 37. c5 Nxc5 38. d6 Rd4 39. dxe7 Kf7 40. Qe2 Ne4 41. Kh3 Kxe7 42. Bb1 Rd2 43. Qe3 Bd4 44. Qa3+ Bc5 45. Qxa4 Bg1 46. Qb4+ Kd7 47. Qa4+ Kc7 48. Qa5+ Kb8 49. Qb5+ Kc8 50. Qa6+ Kd8 51. Qa8+ Ke7 52. Qb7+ Kf6 53. Qc6+ Kg7 54. Qc7+ Kh6 0-1

[Event "Rubinstein Memorial-A 54th"]
[Site "Polanica Zdroj"]
[Date "2018.08.19"]
[Round "2"]
[White "Duda, Lucas"]
[Black "Okrucinski, Tadeusz"]
[Result "1/2-1/2"]
[WhiteElo "1874"]
[BlackElo "2182"]
[PlyCount "65"]
[EventDate "2018.08.18"]
[EventType "swiss"]
[EventRounds "9"]
[EventCountry "POL"]
[SourceTitle "CBM 186 Extra"]
[Source "ChessBase"]
[SourceDate "2018.08.24"]
[SourceVersion "1"]
[SourceVersionDate "2018.08.24"]
[SourceQuality "1"]

1. e4 c5 2. Nf3 d6 3. d4 cxd4 4. Nxd4 Nf6 5. Nc3 Nc6 6. Bg5 e6 7. Qd2 a6 8. 0-0-0 h6 9. Bxf6 gxf6 10. f4 Nxd4 11. Qxd4 Be7 12. Bc4 Bd7 13. Rhe1 Rc8 14. Bb3 Qc7 15. f5 Qc5 16. Qd2 h5 17. e5 fxe5 18. Ne4 Qb6 19. fxe6 Bxe6 20. Bxe6 fxe6 21. Nxd6+ Qxd6 22. Qxd6 Bxd6 23. Rxd6 0-0 24. Rxe5 Rf1+ 25. Rd1 Rf2 26. Rd2 Rf1+ 27. Rd1 Rf2 28. c3 Rxg2 29. Rxh5 Rf8 30. Rd2 Rf1+ 31. Kc2 Rxd2+ 32. Kxd2 Rf2+ 33. Kc1 1/2-1/2

[Event "Krakow op-B 28th"]
[Site "Krakow"]
[Date "2017.12.28"]
[Round "2"]
[White "Jaskolka, Tomasz"]
[Black "Duda, Lucas"]
[Result "1-0"]
[WhiteElo "2011"]
[BlackElo "1854"]
[PlyCount "63"]
[EventDate "2017.12.27"]
[EventType "swiss"]
[EventRounds "9"]
[EventCountry "POL"]
[SourceTitle "CBM 182 Extra"]
[Source "ChessBase"]
[SourceDate "2018.02.23"]
[SourceVersion "1"]
[SourceVersionDate "2018.02.23"]
[SourceQuality "1"]

1. e4 e5 2. Nf3 Nc6 3. Bc4 Bc5 4. c3 Nf6 5. d4 exd4 6. e5 d5 7. Bb5 Ne4 8. cxd4 Bb6 9. Nc3 0-0 10. Be3 Bg4 11. h3 Bh5 12. Qc2 Bg6 13. Qb3 Ne7 14. Nh4 Nxc3 15. bxc3 Be4 16. f3 Bf5 17. g4 Be6 18. f4 f5 19. exf6 Rxf6 20. f5 Bf7 21. Bg5 c5 22. Bxf6 gxf6 23. Nf3 Qc7 24. Kf2 Qf4 25. Rhe1 Nc8 26. Be8 cxd4 27. Bxf7+ Kxf7 28. Qxd5+ Kg7 29. cxd4 Bc7 30. Qd7+ Kh6 31. g5+ fxg5 32. Re6+ 1-0

[Event "Crawley e2e4 Gatwick op U1950"]
[Site "Crawley"]
[Date "2016.02.20"]
[Round "2"]
[White "Comley, Ian S"]
[Black "Duda, Lucas"]
[Result "1-0"]
[WhiteElo "1949"]
[BlackElo "1780"]
[PlyCount "65"]
[EventDate "2016.02.19"]
[EventType "swiss"]
[EventRounds "5"]
[EventCountry "ENG"]
[SourceTitle "EXT 2019"]
[Source "ChessBase"]
[SourceDate "2018.10.10"]
[SourceVersion "1"]
[SourceVersionDate "2018.10.10"]
[SourceQuality "1"]

1. c4 e5 2. g3 Nf6 3. Bg2 Nc6 4. Nc3 Bc5 5. a3 a6 6. e3 0-0 7. Nge2 Re8 8. 0-0 d6 9. d4 Ba7 10. d5 Ne7 11. Qd3 Bd7 12. h3 Rb8 13. Kh2 Ng6 14. b4 e4 15. Nxe4 Ne5 16. Qc2 Nxc4 17. Qxc4 Bb5 18. Qc2 Bxe2 19. Nxf6+ Qxf6 20. Bb2 Bd3 21. Qd2 Qg6 22. Rfd1 Bf5 23. Rac1 Re7 24. Bd4 Bb6 25. Bxb6 cxb6 26. Qd4 b5 27. g4 Bd7 28. Qa7 Rbe8 29. Rc7 h5 30. Qxb7 Bc8 31. Rxe7 Bxb7 32. Rxe8+ Kh7 33. Be4 1-0

[Event "Crawley e2e4 Gatwick op U1950"]
[Site "Crawley"]
[Date "2016.02.20"]
[Round "3"]
[White "Duda, Lucas"]
[Black "Cain, Michael"]
[Result "1-0"]
[WhiteElo "1780"]
[BlackElo "1667"]
[PlyCount "49"]
[EventDate "2016.02.19"]
[EventType "swiss"]
[EventRounds "5"]
[EventCountry "ENG"]
[SourceTitle "EXT 2019"]
[Source "ChessBase"]
[SourceDate "2018.10.10"]
[SourceVersion "1"]
[SourceVersionDate "2018.10.10"]
[SourceQuality "1"]

1. e4 c5 2. Nf3 e6 3. d4 cxd4 4. Nxd4 a6 5. Nc3 Qc7 6. Be2 Nf6 7. 0-0 Be7 8. Be3 d6 9. f4 b5 10. Bf3 Bb7 11. a3 Nbd7 12. f5 e5 13. Nb3 Rc8 14. Qe1 Nc5 15. Nxc5 dxc5 16. g4 h6 17. Rd1 Rd8 18. Qf2 Rxd1 19. Rxd1 b4 20. axb4 cxb4 21. Nd5 Nxd5 22. exd5 0-0 23. d6 Bxd6 24. Bxb7 Qxb7 25. Rxd6 1-0

[Event "Crawley e2e4 Gatwick op U1950"]
[Site "Crawley"]
[Date "2016.02.19"]
[Round "1"]
[White "Duda, Lucas"]
[Black "Crockett, Stephen J"]
[Result "1-0"]
[WhiteElo "1780"]
[BlackElo "1468"]
[PlyCount "55"]
[EventDate "2016.02.19"]
[EventType "swiss"]
[EventRounds "5"]
[EventCountry "ENG"]
[SourceTitle "EXT 2019"]
[Source "ChessBase"]
[SourceDate "2018.10.10"]
[SourceVersion "1"]
[SourceVersionDate "2018.10.10"]
[SourceQuality "1"]

1. e4 e6 2. d4 d5 3. e5 c5 4. c3 Nc6 5. Be3 Qb6 6. Qd2 Bd7 7. Nf3 f6 8. Be2 Be7 9. 0-0 0-0-0 10. c4 dxc4 11. Nc3 cxd4 12. Nxd4 Nxd4 13. Bxd4 Bc5 14. Bxc5 Qxc5 15. Ne4 Qe7 16. Rfd1 fxe5 17. Qa5 Nf6 18. Nxf6 gxf6 19. Qxa7 Bc6 20. Bxc4 Rxd1+ 21. Rxd1 Re8 22. a3 Bd5 23. Bxd5 exd5 24. Rc1+ Kd7 25. Qxb7+ Ke6 26. Rc7 Qd8 27. Rc6+ Kf5 28. Qxh7+ 1-0